Forum de la technique: Maitre et de temps l'espace
Gorde:
| Formatua: | Liburua |
|---|---|
| Hizkuntza: | Undetermined |
| Argitaratua: |
Lausanne
Editions Metz Zurich
1976
|
| Gaiak: | |
| Etiketak: |
Etiketa erantsi
Etiketarik gabe, Izan zaitez lehena erregistro honi etiketa jartzen!
|
| Thư viện lưu trữ: | Trung tâm Học liệu Trường Đại học Cần Thơ |
|---|
| LEADER | 00447nam a2200169Ia 4500 | ||
|---|---|---|---|
| 001 | CTU_86682 | ||
| 008 | 210402s9999 xx 000 0 und d | ||
| 082 | |a 623.82 | ||
| 082 | |b F745 | ||
| 245 | 0 | |a Forum de la technique: | |
| 245 | 0 | |b Maitre et de temps l'espace | |
| 260 | |a Lausanne | ||
| 260 | |b Editions Metz Zurich | ||
| 260 | |c 1976 | ||
| 650 | |a Nautical craft | ||
| 904 | |i Năm | ||
| 980 | |a Trung tâm Học liệu Trường Đại học Cần Thơ | ||